000 00812nam a2200277Ia 4500
003 OSt
005 20220926020939.0
006 a|||||r|||| 00| 0
007 ta
008 220923b |||||||| |||| 00| 0 eng d
020 _a3540627685
037 _cGeneral Book
040 _aRTL
_cRTL
_beng
041 _2eng
_aeng
082 _aX:(B7:3), N1;N7
100 _aPuu Tonn
_9325431
245 0 _aNonlinear economic dynamics
250 _aEd 4
260 _aNew York
_bSpringer-Verlag
_c1997
300 _ax, 288p Bibliography: P 277-79
_ccm.
490 _aLecture Notes in Economics and Mathematical Systems
650 _a Mechanic Dynamics
_9325432
650 _aEconomics irt Mathematics
_9248863
942 _hX:(B7:3), N1;N7
_cGB
_2CC
999 _c635292
_d635292